[Event "Mataro op-B"]
[Site "Mataro"]
[Date "1996.08.13"]
[Round "2"]
[White "Rodriguez Badimon, Jordi"]
[Black "Llasera Brufau, Joan"]
[Result "0-1"]
[WhiteElo "1850"]
[BlackElo "1985"]
[PlyCount "68"]
[EventDate "1996.08.12"]
[EventType "swiss"]
[EventRounds "9"]
[EventCountry "ESP"]
[SourceTitle "EXT 2003"]
[Source "ChessBase"]
[SourceDate "2002.11.25"]
[SourceVersion "1"]
[SourceVersionDate "2002.11.25"]
[SourceQuality "1"]

1. e4 c6 2. d4 d5 3. e5 Bf5 4. Bd3 Bxd3 5. Qxd3 e6 6. Nf3 Nd7 7. Ng5 h6 8. Qh3 Qe7 9. Bd2 0-0-0 10. a4 Re8 11. Ra3 f6 12. Nf3 fxe5 13. Nxe5 Nxe5 14. dxe5 Qc7 15. Qh5 Qd7 16. Rf3 Ne7 17. Rf7 g6 18. Qf3 Qc7 19. Qf6 Rg8 20. Qxe6+ Qd7 21. Qd6 Qxd6 22. exd6 Nf5+ 23. Be3 Nxd6 24. Rxf8 Rgxf8 25. 0-0 h5 26. Bxa7 Re2 27. Rc1 Re4 28. b4 Rfe8 29. Kf1 Nc4 30. a5 Kd7 31. c3 Re2 32. Be3 Rb2 33. Bd4 Rxb1 34. Rxb1 Nd2+ 0-1